| 000 | 01127cam a2200277 4500 | ||
|---|---|---|---|
| 008 | 020523n2002 000 0 eng u | ||
| 020 | _a0860175723 | ||
| 035 | _a(Sirsi) u118625 | ||
| 041 | _aeng. | ||
| 050 | _a624.15 | ||
| 100 | _aCharles, J. A. | ||
| 245 | _aTreated ground: engineering properties and performance | ||
| 260 |
_aLondon _bCIRIA _c2002 |
||
| 300 |
_a168p. _bill _c30cm. |
||
| 350 | _a90 | ||
| 490 |
_aCIRIA Publication _vC572 |
||
| 520 | _aAims to establish the best assessments and measurements of engineering properties and performance of treated ground, and to explain how to measure and assess such properties and performance. Presents information that will be of use to geotechnical specialists and those involved in building and civil engineering projects requiring ground treatment. | ||
| 650 | _aGROUND TREATMENT | ||
| 650 | _aBUILT ENVIRONMENT-BUILDING ELEMENTS-COMPLETE BUILDING ELEMENTS-FOUNDATIONS | ||
| 650 | _aGROUND IMPROVEMENT | ||
| 650 | _aCIVIL ENGINEERING | ||
| 650 | _aFOUNDATION ENGINEERING | ||
| 690 | _aBUILT ENVIRONMENT | ||
| 700 | _aWatts, K.S. | ||
| 942 |
_n0 _2ddc |
||
| 999 |
_c102156 _d102156 |
||